000 01475cam a22003138i 4500
001 19046308
003 OSt
005 20260211063340.0
008 160401s2016 cau b 001 0 eng
010 _a 2016014131
020 _a9789351509981 (pbk.)
035 _a(DNAL)1345257
040 _aDNAL/DLC
_beng
_erda
_cDNAL
042 _apcc
043 _aa-ii---
082 0 0 _a307.72 SIN
100 1 _aSingh, Katar
245 1 0 _aRural development :
_bprinciples, policies and management /
_cKatar Singh and Anil Shishodia
250 _a4th ed.
264 1 _aThousand Oaks :
_bSAGE Publications,
_c2016.
300 _axxxi, 335 p. :
_bill. ;
_c23 cm.
505 _aRural Economy of India -- Measures of Development -- Some Paradigms of Rural Development -- Determinants of Rural Development -- Rural Development Policies -- Strategies for Sustainable Development -- Policy Instruments of Rural Development -- Equity-oriented and Growth-oriented Programmes -- Poverty and Unemployment Eradication Programmes -- Natural Resources and Infrastructure Development Programmes -- Planning for Rural Development -- Organising for Rural Development -- Financing Rural Development -- Implementation, Monitoring and Evaluation
650 0 _aRural development
650 0 _aRural development
_zIndia
_vCase studies.
700 1 _aShishodia, Anil
906 _a7
_bcbc
_corignew
_d1
_eecip
_f20
_gy-gencatlg
942 _2ddc
_cBK
999 _c112163
_d112163